000 00371nam a22001337a 4500
008 250327b |||||||| |||| 00| 0 eng d
020 _a9781416525615
050 _aPS427
_b.B55
100 _aBILLINGSLEY, Tate Reshonda
245 _aBlessing in Disguise
260 _aNew York
_bPocket Books A Division of Simon & Shuster Inc.
_c2007
300 _aviii, 172p.
942 _cBK
999 _c2750
_d2750